[Event "BDO Premier"]
[Site "Haarlem NED"]
[Date "2010.08.27"]
[Round "7"]
[White "Bok,B"]
[Black "Ris,R"]
[Result "1/2-1/2"]
[WhiteElo "2449"]
[BlackElo "2423"]
[EventDate "2010.08.21"]

1. e4 e5 2. Nf3 Nc6 3. Bb5 a6 4. Ba4 Nf6 5. O-O b5 6. Bb3 Bc5 7. a4 Rb8 8.
c3 O-O 9. d4 Bb6 10. axb5 axb5 11. Qd3 d5 12. Nxe5 Nxe5 13. dxe5 Nxe4 14.
Be3 c6 15. Nd2 Bf5 16. Nxe4 Bxe4 17. Qd2 b4 18. c4 d4 19. Bf4 c5 20. Rfe1
Ra8 21. Ba4 Bb7 22. Bg5 Qc8 23. Bc2 Rxa1 24. Rxa1 Qc6 25. f3 Bd8 26. Qd3
Qg6 27. Bxd8 Rxd8 28. Ra5 Rc8 29. Qf5 Rd8 30. Qxg6 hxg6 31. Rxc5 d3 32. Bd1
Ra8 33. Kf1 Ra1 34. Ke1 Ba6 35. Rc6 g5 36. Kd2 Kf8 37. Bb3 Rb1 38. Kxd3
Rxb2 39. Bc2 b3 40. Bd1 Rb1 41. Rxa6 Rxd1+ 42. Kc3 Rb1 43. Rb6 Rc1+ 44. Kd4
Rb1 45. Rb4 Ke7 46. Kc3 Rg1 47. Rxb3 Rxg2 48. Rb2 Rg1 49. Kd4 Ke6 50. Rc2
Rd1+ 51. Ke3 Kxe5 52. c5 Rd7 53. c6 Rc7 54. Rc5+ Kd6 55. Rxg5 g6 1/2-1/2

[Event "BDO Premier"]
[Site "Haarlem NED"]
[Date "2010.08.28"]
[Round "8"]
[White "Peng Zhaoqin"]
[Black "Ris,R"]
[Result "0-1"]
[WhiteElo "2403"]
[BlackElo "2423"]
[EventDate "2010.08.21"]

1. d4 Nf6 2. c4 e6 3. Nc3 Bb4 4. e3 O-O 5. Nge2 d5 6. a3 Bd6 7. c5 Be7 8.
b4 c6 9. Nf4 b6 10. Bd3 a5 11. Bb2 Ba6 12. O-O Qc7 13. Qc2 Nbd7 14. Rfc1
Rfc8 15. h3 Qb7 16. Rcb1 Bd8 17. cxb6 Nxb6 18. Bxa6 Qxa6 19. Nd3 Nfd7 20.
Nc5 Nxc5 21. bxc5 Nc4 22. Bc1 e5 23. Qd3 Bc7 24. a4 Re8 25. Bd2 Re6 26. Ne2
e4 27. Qc2 Qc8 28. Nf4 Rh6 29. Rf1 g5 30. Ne2 g4 31. Bc1 gxh3 32. g3 Qg4
0-1

[Event "BDO Premier"]
[Site "Haarlem NED"]
[Date "2010.08.28"]
[Round "8"]
[White "Popilski,G"]
[Black "Bok,B"]
[Result "1/2-1/2"]
[WhiteElo "2451"]
[BlackElo "2449"]
[EventDate "2010.08.21"]

1. d4 Nf6 2. c4 g6 3. Nc3 d5 4. Nf3 Bg7 5. e3 O-O 6. b4 c6 7. Bb2 Bf5 8.
Be2 Ne4 9. O-O Nxc3 10. Bxc3 Nd7 11. Rc1 Bg4 12. cxd5 cxd5 13. Qb3 Nb6 14.
b5 Qd7 15. Bb4 Rfc8 16. Rc5 e6 17. Rfc1 Bxf3 18. gxf3 Bf8 19. R5c3 Qd8 20.
Bxf8 Qxf8 21. a4 Rxc3 22. Rxc3 Rc8 23. a5 Nd7 24. Qc2 Rxc3 25. Qxc3 Qd8 26.
a6 b6 27. Qc6 Nf6 28. Qb7 Qd7 29. Qb8+ Kg7 30. h4 h5 31. Kg2 Ne8 32. Qb7
Qc7 33. Bd3 Kf8 34. e4 dxe4 35. fxe4 Qf4 36. Be2 Qg5+ 1/2-1/2

[Event "BDO Premier"]
[Site "Haarlem NED"]
[Date "2010.08.28"]
[Round "8"]
[White "Willemze,T"]
[Black "Markgraf,Al"]
[Result "1/2-1/2"]
[WhiteElo "2405"]
[BlackElo "2456"]
[EventDate "2010.08.21"]

1. e4 c5 2. Nf3 e6 3. c3 Nf6 4. e5 Nd5 5. d4 cxd4 6. cxd4 d6 7. Bc4 Nc6 8.
O-O Be7 9. exd6 Qxd6 10. Nc3 O-O 11. Re1 a6 12. Bb3 Rd8 13. Nxd5 exd5 14.
Ne5 Be6 15. Bf4 Nxe5 16. Bxe5 Qd7 17. Re3 Bd6 1/2-1/2

[Event "BDO Premier"]
[Site "Haarlem NED"]
[Date "2010.08.28"]
[Round "8"]
[White "Turov,M"]
[Black "Flumbort,A"]
[Result "1-0"]
[WhiteElo "2628"]
[BlackElo "2540"]
[EventDate "2010.08.21"]

1. d4 Nf6 2. c4 g6 3. Nf3 Bg7 4. g3 d5 5. Bg2 dxc4 6. O-O O-O 7. Na3 c3 8.
bxc3 c5 9. Qb3 Nc6 10. Rd1 cxd4 11. cxd4 Na5 12. Qb2 Bf5 13. Ne5 Nd7 14.
Nec4 Nxc4 15. Nxc4 Be6 16. Ne3 Qb6 17. a4 Rab8 18. Qxb6 Nxb6 19. a5 Nc4 20.
Nxc4 Bxc4 21. Bf4 Rbd8 22. e3 Bd5 23. Rdc1 Rfe8 24. Rc5 Bxg2 25. Kxg2 b6
26. axb6 axb6 27. Rb5 Rd7 28. Rc1 e5 29. Bxe5 Bxe5 30. dxe5 Re6 31. Rc8+
Kg7 32. Rb8 Rde7 33. f4 f6 34. exf6+ Rxf6 35. Kf3 Rfe6 1-0

[Event "BDO Premier"]
[Site "Haarlem NED"]
[Date "2010.08.29"]
[Round "9"]
[White "Reinderman,D"]
[Black "Peng Zhaoqin"]
[Result "1/2-1/2"]
[WhiteElo "2587"]
[BlackElo "2403"]
[EventDate "2010.08.21"]

1. c4 e5 2. Nc3 Nc6 3. Nf3 Nf6 4. g3 Bc5 5. Bg2 d6 6. O-O O-O 7. d3 a6 8.
a3 h6 9. b4 Ba7 10. Bb2 Re8 11. e3 Be6 12. Rc1 Qd7 13. Re1 Rab8 14. Qc2 Bh3
15. Bh1 Ne7 16. a4 Ng6 17. b5 c6 18. a5 cxb5 19. cxb5 axb5 20. Qb3 b4 21.
Qxb4 Bc5 22. Qa4 b5 23. axb6 1/2-1/2

[Event "BDO Premier"]
[Site "Haarlem NED"]
[Date "2010.08.29"]
[Round "9"]
[White "Markgraf,Al"]
[Black "Turov,M"]
[Result "0-1"]
[WhiteElo "2456"]
[BlackElo "2628"]
[EventDate "2010.08.21"]

1. e4 c6 2. d4 d5 3. e5 Bf5 4. Nf3 e6 5. Be2 c5 6. Be3 Qb6 7. c4 Qxb2 8.
Nbd2 Ne7 9. O-O Nbc6 10. Nb3 dxc4 11. Bxc4 Rd8 12. Nxc5 Nd5 13. Bg5 Bxc5
14. Bxd8 Nc3 15. Qb3 Qxb3 16. axb3 Bb4 17. Bg5 b5 18. Ra6 Kd7 19. d5 exd5
20. Rxc6 Kxc6 21. Nd4+ Kb6 22. Bxb5 Bg6 23. Bd7 Bc5 24. Be3 Rd8 25. b4 Ne2+
26. Nxe2 Bxe3 27. fxe3 Rxd7 28. Rd1 Kb5 29. Rd4 Rc7 30. g4 Bc2 31. Nf4 Be4
32. e6 fxe6 33. Nxe6 Rc4 34. Rd2 Rxb4 35. Nxg7 a5 36. Ne6 Rb1+ 37. Kf2 a4
38. Nd4+ Kb4 39. Nc6+ Kb3 40. Nd4+ Kc3 0-1

[Event "BDO Premier"]
[Site "Haarlem NED"]
[Date "2010.08.29"]
[Round "9"]
[White "Bok,B"]
[Black "Willemze,T"]
[Result "1-0"]
[WhiteElo "2449"]
[BlackElo "2405"]
[EventDate "2010.08.21"]

1. e4 c6 2. d4 d5 3. Nc3 dxe4 4. Nxe4 Bf5 5. Ng3 Bg6 6. h4 h6 7. Nf3 Nd7 8.
h5 Bh7 9. Bd3 Bxd3 10. Qxd3 e6 11. Bf4 Qa5+ 12. Bd2 Bb4 13. c3 Be7 14. c4
Qc7 15. O-O-O Ngf6 16. Kb1 O-O 17. Qe2 Rfe8 18. Ne4 Nxe4 19. Qxe4 c5 20. g4
cxd4 21. g5 Qxc4 22. gxh6 Nc5 23. Qg4 Qd3+ 24. Ka1 Nb3+ 25. axb3 Qa6+ 26.
Ba5 Qxa5+ 27. Kb1 Bf6 28. hxg7 Rad8 29. h6 Qf5+ 30. Qxf5 exf5 31. Ne1 Bg5
32. Nd3 Kh7 33. f4 Bxh6 34. Ne5 Rxe5 35. fxe5 Kxg7 36. Rdg1+ Kh7 37. Rg5 d3
38. Rgh5 1-0

[Event "BDO Premier"]
[Site "Haarlem NED"]
[Date "2010.08.29"]
[Round "9"]
[White "Ris,R"]
[Black "Popilski,G"]
[Result "1-0"]
[WhiteElo "2423"]
[BlackElo "2451"]
[EventDate "2010.08.21"]

1. d4 Nf6 2. c4 g6 3. Nf3 Bg7 4. g3 O-O 5. Bg2 d6 6. O-O Nbd7 7. Nc3 e5 8.
e4 c6 9. b3 exd4 10. Nxd4 Re8 11. Bb2 Nc5 12. Re1 Qb6 13. Qc2 Ng4 14. Rad1
a5 15. a3 h5 16. Nce2 h4 17. h3 Nf6 18. g4 Ncxe4 19. Nc3 Nc5 20. g5 Rxe1+
21. Rxe1 Nh5 22. Re8+ Kh7 23. Ne4 Qc7 24. Nf6+ Bxf6 25. gxf6 Bf5 26. Nxf5
Rxe8 27. Qd2 gxf5 28. Qg5 Re1+ 29. Bf1 Ne6 30. Qxh5+ Kg8 31. Bc3 Rxf1+ 32.
Kxf1 Qb6 33. Qxh4 f4 34. Qg4+ Kf8 35. Qh5 Ke8 36. b4 axb4 37. axb4 Qa6 38.
Qe2 Qa3 39. Qd3 Qc1+ 40. Ke2 f3+ 41. Kxf3 Qh1+ 42. Kg4 Qg2+ 43. Qg3 Qe4+
44. Kh5 Qh7+ 45. Kg4 Qe4+ 46. Kh5 Kd7 47. Kh6 Qxc4 48. Kh7 c5 49. bxc5 dxc5
50. Kg8 b5 51. Qf3 Nd8 52. Qf5+ Qe6 53. Qxc5 Qxh3 54. Qxb5+ Kc8 55. Qa6+
Kd7 56. Qa7+ Kc8 57. Qc5+ Kd7 58. Qd5+ Kc8 59. Ba5 Qg4+ 60. Kf8 Ne6+ 61.
Ke7 Kb8 62. Qb5+ Ka7 63. Bb6+ Kb7 64. Bc5+ Kc8 65. Qa6+ Kb8 66. Bd6+ Nc7
67. Qb6+ Ka8 68. Qc6+ Ka7 69. Qxc7+ Ka6 70. Qc6+ Ka7 71. Bc5+ Kb8 72. Qb6+
Kc8 73. Qa6+ 1-0